La diplomacia

Saved in:
書目詳細資料
主要作者: Kissinger, Henry Alfred (Author)
格式: 圖書
語言:西班牙语
出版: Ciudad de México Fondo de Cultura Económica 2001
版:2a. ed
叢編:Sección de Obras de Política y Derecho
主題:
標簽: 添加標簽
沒有標簽, 成為第一個標記此記錄!

MARC

LEADER 00000cam a2200000 a 4500
001 UCH1388
003 CL-VaPUC
008 090427e20010000MX |||||||||||||||||spa|d
020 |a 9681663853 
082 0 4 |a 327  |b KIS  |2 21 
100 |a Kissinger, Henry Alfred  |e author  |9 584912 
245 1 3 |a La diplomacia 
250 |a 2a. ed 
300 |a 919 p 
942 |c BK 
945 |d 20090427 00:00:00  |a rbrito 
260 |a Ciudad de México  |b Fondo de Cultura Económica  |c 2001 
650 0 |a Diplomacia  |9 256483 
650 0 |a Relaciones Exteriores  |9 255379 
650 0 |a Política internacional  |9 255813 
650 0 |a Política exterior   |9 316628 
650 0 |a Geopolítica  |9 313921 
583 |a last modification  |c 20110920 11:21:11  |k Rodrigo Vera 
490 0 |a Sección de Obras de Política y Derecho 
999 |c 333439  |d 333437 
952 |0 0  |1 0  |4 0  |6 327_000000000000000_KIS_2001  |7 0  |8 R  |9 421824  |a BIBHIS  |b BIBHIS  |d 2019-11-22  |i 4539109  |l 4  |m 2  |o 327 KIS 2001  |p 4539109  |r 2024-01-30  |s 2023-11-22  |w 2019-11-22  |y BK_R  |k HIS 
952 |0 0  |1 0  |4 0  |6 327_000000000000000_KIS_2001  |7 0  |8 R  |9 421825  |a BIBHIS  |b BIBHIS  |d 2019-11-22  |i 479060K  |l 8  |m 1  |o 327 KIS 2001  |p 479060K  |r 2024-08-21  |s 2024-08-19  |w 2019-11-22  |y BK_R  |k HIS